| 000 | 01346cam a2200361 i 4500 | ||
|---|---|---|---|
| 999 |
_c200441075 _d59287 |
||
| 001 | 200441075 | ||
| 003 | TR-AnTOB | ||
| 005 | 20240809103100.0 | ||
| 007 | ta | ||
| 008 | 210527s1986 dcua b 000 0 eng d | ||
| 010 | _a 86018585 | ||
| 020 |
_a0939934647 (pbk.) : _c$7.50 |
||
| 040 |
_aDLC _beng _erda _cDLC _dDLC _dTR-AnTOB |
||
| 041 | 0 | _aeng | |
| 050 | 0 | 4 |
_aHG3881.5.I58 _bF86 1986 |
| 090 |
_aHG3881.5.I58 _bF86 1986 |
||
| 245 | 0 | 0 |
_aFund-supported programs, fiscal policy, and income distribution : _ba study / _cby the Fiscal Affairs Department of the International Monetary Fund. |
| 264 | 1 |
_aWashington, D.C. : _bInternational Monetary Fund, _c1986. |
|
| 300 |
_av, 58 pages : _billustrations ; _c28 cm |
||
| 336 |
_atext _btxt _2rdacontent |
||
| 337 |
_aunmediated _bn _2rdamedia |
||
| 338 |
_avolume _bnc _2rdacarrier |
||
| 490 | 0 |
_aOccasional paper ; _vno. 46 |
|
| 610 | 2 | 0 |
_aInternational Monetary Fund _979373 |
| 650 | 0 |
_aEconomic development projects _zDeveloping countries _9130677 |
|
| 650 | 0 |
_aFiscal policy _zDeveloping countries _922460 |
|
| 650 | 0 |
_aIncome distribution _zDeveloping countries _984259 |
|
| 651 | 0 |
_aDeveloping countries _xEconomic policy _91090 |
|
| 710 | 2 |
_aInternational Monetary Fund _bFiscal Affairs Department. _979373 |
|
| 942 |
_2lcc _cBK |
||